[Event "21st European Teams Women"]
[Site "Hersonissos GRE"]
[Date "2017.10.29"]
[Round "2.10"]
[Board "4"]
[White "Ilyuchyk, Yana"]
[Black "Novkovic, Julia"]
[Result "1-0"]
[BlackTitle "WFM"]
[WhiteElo "1992"]
[BlackElo "2111"]
[WhiteTeam "Belarus"]
[BlackTeam "Austria"]
[WhiteFideId "13508407"]
[BlackFideId "12000086"]
[EventDate "2017.10.28"]

1. e4 e5 2. Nf3 Nc6 3. d4 exd4 4. Nxd4 Nf6 5. Nxc6 bxc6 6. e5 Qe7 7. Qe2 Nd5 8.
c4 Ba6 9. Nd2 g6 10. Nf3 Qb4+ 11. Kd1 Rb8 12. Qc2 Ne7 13. Qb3 c5 14. Qxb4 Rxb4
15. b3 Rb8 16. Bg5 Bg7 17. Bd3 d5 18. Rc1 d4 19. Re1 Nc6 20. Be4 Rb6 21. Bxc6+
Rxc6 22. Nd2 h6 23. Bf6 O-O 24. Ne4 Bxf6 25. Nxf6+ Kg7 26. f4 Bb7 27. Rc2 a5 28.
a4 Bc8 29. g4 Rb6 30. Rb2 Be6 31. Kc1 Rfb8 32. f5 Bc8 33. Ne8+ Kf8 34. Nxc7 gxf5
35. gxf5 Bxf5 36. Nb5 Rg6 37. Rf2 Be6 38. Kc2 Ke7 39. Ref1 Rbg8 40. Nd6 Rg2 41.
Nb7 Bf5+ 42. Kd2 Rxf2+ 43. Rxf2 Ke6 44. Nxc5+ Kxe5 45. Re2+ Kf6 46. Nb7 Ra8 47.
Nd6 Bg6 48. c5 Ra6 49. Nc4 Bf5 50. Nb6 Be6 51. Kd3 Ra7 52. Kxd4 Bxb3 53. c6 Kg5
54. Kc5 Be6 55. Kd6 Ra6 56. Kc7 Ra7+ 57. Kb8 Re7 58. c7 Kf6 59. Nd5+ Bxd5 60.
Rxe7 1-0

[Event "21st European Teams Women"]
[Site "Hersonissos GRE"]
[Date "2017.10.29"]
[Round "2.11"]
[Board "1"]
[White "Rapport, Jovana"]
[Black "Georgescu, Lena"]
[Result "1-0"]
[WhiteTitle "WGM"]
[BlackTitle "WFM"]
[WhiteElo "2327"]
[BlackElo "2130"]
[WhiteTeam "Serbia"]
[BlackTeam "Switzerland"]
[WhiteFideId "937266"]
[BlackFideId "1331973"]
[EventDate "2017.10.28"]

1. d4 d5 2. c4 dxc4 3. Nf3 Nf6 4. e3 Bg4 5. Bxc4 e6 6. Nc3 Nc6 7. h3 Bh5 8. O-O
Bd6 9. Bb5 O-O 10. a3 a6 11. Bxc6 bxc6 12. e4 Be7 13. Be3 Qb8 14. Rb1 Rd8 15.
Qe2 Qb7 16. b4 a5 17. g4 Bg6 18. bxa5 Qa6 19. Qxa6 Rxa6 20. Nd2 Rxa5 21. a4 c5
22. dxc5 Raa8 23. Rb5 c6 24. Rb2 h5 25. gxh5 Bxh5 26. Nc4 Nd7 27. Nb6 Ra5 28.
Rd2 Ne5 29. Rxd8+ Bxd8 30. f4 Nd3 31. Nc4 Ra8 32. Rb1 Be7 33. Nd6 Ra5 34. Nb7
Ra6 35. Rb6 Ra8 36. a5 Nxc5 37. Bxc5 Bxc5+ 38. Nxc5 Rxa5 39. N5a4 Bf3 40. Rb4
Ra8 41. Kf2 Bh5 42. Rc4 Rc8 43. Nb6 Rd8 44. Ke3 Kf8 45. Rxc6 Bg6 46. Rc8 Rxc8
47. Nxc8 Ke8 48. e5 Kd7 49. Nd6 Bh5 50. Nce4 Ke7 51. Ng5 f6 52. Nge4 Bg6 53. Nb5
Bf5 54. h4 Bg4 55. Nd4 Kf7 56. Nc5 fxe5 57. fxe5 Kg6 58. Ncxe6 Kh5 59. Nxg7+
Kxh4 60. Kf4 Bc8 61. Ndf5+ Kh3 62. Nd6 Bd7 63. Nc4 Bb5 64. Nb6 1-0

[Event "21st European Teams Women"]
[Site "Hersonissos GRE"]
[Date "2017.10.29"]
[Round "2.11"]
[Board "2"]
[White "Heinatz, Gundula"]
[Black "Eric, Jovana"]
[Result "0-1"]
[WhiteTitle "WIM"]
[BlackTitle "WIM"]
[WhiteElo "2174"]
[BlackElo "2257"]
[WhiteTeam "Switzerland"]
[BlackTeam "Serbia"]
[WhiteFideId "4612434"]
[BlackFideId "938238"]
[EventDate "2017.10.28"]

1. d4 Nf6 2. Nf3 g6 3. Bg5 Bg7 4. c3 O-O 5. Nbd2 d6 6. e4 c5 7. d5 h6 8. Bh4 e6
9. dxe6 Bxe6 10. Bc4 d5 11. Bxf6 Bxf6 12. exd5 Bxd5 13. O-O Nc6 14. Re1 Bg7 15.
Qc2 Bxc4 16. Nxc4 Qc7 17. a4 Rad8 18. Rad1 Qf4 19. Ne3 Rfe8 20. Rxd8 Rxd8 21.
Rd1 Re8 22. Qb3 b6 23. Qb5 Re6 24. Nd5 Qb8 25. g3 Ne5 26. Nxe5 Qxe5 27. Ne3 Qe4
28. Qd7 Re7 29. Qd8+ Kh7 30. Qd6 h5 31. h4 Re6 32. Qd7 Qf3 33. Re1 Bh6 34. Ng2
Rf6 35. Rf1 a6 36. Ne1 Qe2 37. Qd8 Rf5 38. Qxb6 Be3 0-1

[Event "21st European Teams Women"]
[Site "Hersonissos GRE"]
[Date "2017.10.29"]
[Round "2.11"]
[Board "3"]
[White "Zarkovic, Mila"]
[Black "De Seroux, Camille"]
[Result "0-1"]
[WhiteTitle "WIM"]
[BlackTitle "WFM"]
[WhiteElo "2241"]
[BlackElo "2163"]
[WhiteTeam "Serbia"]
[BlackTeam "Switzerland"]
[WhiteFideId "900451"]
[BlackFideId "1305620"]
[EventDate "2017.10.28"]

1. e4 c5 2. Nf3 Nc6 3. d4 cxd4 4. Nxd4 Nf6 5. Nc3 d6 6. Bg5 e6 7. Qd2 Qb6 8. Nb3
Be7 9. Bxf6 gxf6 10. a4 Na5 11. Bb5+ Bd7 12. Nd5 exd5 13. Nxa5 Bxb5 14. axb5
dxe4 15. Qd5 O-O 16. O-O Rfe8 17. Qxe4 Qxb5 18. Nb3 Bd8 19. Qf3 Re5 20. Rad1 Bb6
21. Qxf6 Rae8 22. Qxd6 Rd8 23. Qh6 Rxd1 24. Rxd1 Qe2 25. Rf1 Qxf2+ 0-1

[Event "21st European Teams Women"]
[Site "Hersonissos GRE"]
[Date "2017.10.29"]
[Round "2.11"]
[Board "4"]
[White "Stoeri, Laura"]
[Black "Injac, Teodora"]
[Result "1/2-1/2"]
[WhiteTitle "WFM"]
[BlackTitle "WFM"]
[WhiteElo "2150"]
[BlackElo "2244"]
[WhiteTeam "Switzerland"]
[BlackTeam "Serbia"]
[WhiteFideId "1304313"]
[BlackFideId "932400"]
[EventDate "2017.10.28"]

1. e4 e6 2. d4 d5 3. Nd2 Be7 4. Bd3 c5 5. exd5 Qxd5 6. Ngf3 cxd4 7. O-O Nc6 8.
Be4 Qd7 9. Nb3 Nf6 10. Bxc6 bxc6 11. Nbxd4 c5 12. Nb3 Qc7 13. Qe2 O-O 14. Bg5
Qb6 15. c4 a5 16. Ne5 a4 17. Nc1 Rd8 18. Ncd3 Bb7 19. Rfd1 h6 20. Be3 Rac8 21.
f3 Ba6 22. Qc2 Nd7 23. Nxd7 Rxd7 24. Qxa4 Rcd8 25. Qc2 Bf6 26. Rab1 Bd4 27. Bxd4
Rxd4 28. b3 Qa5 29. a4 Bb7 30. Rbc1 f6 31. Nf2 Rd2 32. Rxd2 Rxd2 33. Qc3 Qd8 34.
Re1 e5 35. Re3 Rd4 36. Rd3 f5 37. Rxd4 cxd4 38. Qd3 Qg5 39. h4 Qc1+ 40. Qd1 Qc3
41. Qd3 Qe1+ 42. Qf1 Qe3 43. Qd3 Qe1+ 44. Qf1 Qe3 45. Qd3 Qe1+ 1/2-1/2

[Event "21st European Teams Women"]
[Site "Hersonissos GRE"]
[Date "2017.10.29"]
[Round "2.12"]
[Board "1"]
[White "Goossens, Hanne"]
[Black "Unuk, Laura"]
[Result "0-1"]
[WhiteTitle "WFM"]
[BlackTitle "WIM"]
[WhiteElo "2188"]
[BlackElo "2363"]
[WhiteTeam "Belgium"]
[BlackTeam "Slovenia"]
[WhiteFideId "200468"]
[BlackFideId "14609215"]
[EventDate "2017.10.28"]

1. e4 e5 2. Nf3 Nc6 3. Bc4 Nf6 4. d3 Be7 5. O-O O-O 6. Re1 d6 7. a4 Na5 8. Ba2
c5 9. c3 Nc6 10. Na3 h6 11. Bd2 a6 12. h3 Rb8 13. Nc4 Be6 14. Ne3 Bxa2 15. Rxa2
Re8 16. Nd5 Bf8 17. Nxf6+ Qxf6 18. b4 Qe6 19. Rb2 b5 20. axb5 axb5 21. Qb1 cxb4
22. cxb4 d5 23. exd5 Qxd5 24. Bc3 f6 25. Rbe2 Red8 26. Re3 Ra8 27. Nh4 Ra3 28.
Qc1 Rxc3 29. Qxc3 Bxb4 30. Qc1 Bxe1 31. Qxe1 Ra8 32. Rg3 Qd4 33. Rxg7+ Kf8 34.
Kh2 Qxh4 35. Rg4 Qh5 36. Qc1 Ne7 37. Qc5 Ra4 38. Rg3 Rf4 39. Qxb5 Rxf2 40. d4
Qf5 41. d5 e4 42. Qb6 Nxd5 43. Qd8+ Kf7 44. Qg8+ Ke7 45. Rg7+ Kd6 46. Qd8+ Kc5
47. Qa5+ Kc6 48. Qa8+ Kb5 49. Qb8+ Kc4 50. Qa7 Qf4+ 51. Rg3 Rb2 52. Qa6+ Rb5 53.
Qa2+ Kd4 54. Qa1+ Kc5 55. Qa7+ Kc6 56. Qa8+ Kb6 57. Qa3 e3 58. Qd3 h5 59. h4
Qxh4+ 60. Rh3 Qf4+ 61. Kh1 e2 0-1

[Event "21st European Teams Women"]
[Site "Hersonissos GRE"]
[Date "2017.10.29"]
[Round "2.12"]
[Board "2"]
[White "Krivec, Jana"]
[Black "Vanhuyse, Nele"]
[Result "1-0"]
[WhiteTitle "WGM"]
[BlackTitle "WFM"]
[WhiteElo "2270"]
[BlackElo "2061"]
[WhiteTeam "Slovenia"]
[BlackTeam "Belgium"]
[WhiteFideId "14601982"]
[BlackFideId "228818"]
[EventDate "2017.10.28"]

1. e4 c5 2. Nc3 a6 3. g3 b5 4. Bg2 Bb7 5. Nge2 e6 6. O-O Nf6 7. d3 d5 8. exd5
Nxd5 9. Nxd5 Bxd5 10. Bxd5 Qxd5 11. Nf4 Qd7 12. Nh5 Nc6 13. Be3 f6 14. Nf4 g6
15. c3 Kf7 16. d4 cxd4 17. cxd4 Rd8 18. Rc1 Ne7 19. Qb3 Nd5 20. Nxd5 Qxd5 21.
Qxd5 Rxd5 22. Rc8 Rg8 23. Rfc1 Be7 24. Rxg8 Kxg8 25. Rc7 Kf8 26. Ra7 Rd6 27. b3
g5 28. Kg2 h6 29. h4 Ke8 30. h5 f5 31. Ra8+ Kf7 32. Ra7 Ke8 33. Bc1 Rc6 34. Be3
Rd6 35. Kf1 Kf8 36. Ke2 Bf6 37. Bc1 b4 38. Be3 Be7 39. f4 g4 40. Kd3 Rc6 41. Bd2
Rb6 42. Rc7 Ke8 43. Rc8+ Bd8 44. Ra8 Kd7 45. Be1 Bf6 46. Ra7+ Kd6 47. Rh7 Kd5
48. Rf7 Bh8 49. Rd7+ Kc6 50. Rh7 Rb8 51. Rxh6 Kd5 52. Rh7 Rd8 53. Bxb4 Bxd4 54.
Ba5 Rd6 55. Bc7 Rc6 56. Rd7+ Kc5 57. Rxd4 Rxc7 58. Rc4+ 1-0

[Event "21st European Teams Women"]
[Site "Hersonissos GRE"]
[Date "2017.10.29"]
[Round "2.12"]
[Board "3"]
[White "Barbier, Astrid"]
[Black "Janzelj, Lara"]
[Result "0-1"]
[BlackTitle "WFM"]
[WhiteElo "1815"]
[BlackElo "2192"]
[WhiteTeam "Belgium"]
[BlackTeam "Slovenia"]
[WhiteFideId "200395"]
[BlackFideId "14608391"]
[EventDate "2017.10.28"]

1. e4 e5 2. Nf3 Nc6 3. Bb5 a6 4. Ba4 Nf6 5. d3 b5 6. Bb3 Bc5 7. O-O O-O 8. Nbd2
d6 9. c3 Bg4 10. h3 Be6 11. Re1 Qd7 12. Nf1 Ba7 13. Ng3 Ne7 14. d4 Bxb3 15. Qxb3
exd4 16. cxd4 c5 17. d5 Ng6 18. Qc2 Qc7 19. Bg5 Nd7 20. Nf5 f6 21. Be3 Rac8 22.
N3h4 Nxh4 23. Nxh4 Rfe8 24. Nf5 g6 25. Ng3 c4 26. Bxa7 Qxa7 27. Ne2 Ne5 28. Nf4
a5 29. Re3 Qf7 30. Rg3 Nd7 31. Ne6 Nc5 32. Nxc5 Rxc5 33. Rf3 Kg7 34. Rd1 Qe7 35.
Re3 b4 36. Rd4 Rec8 37. Rd1 Qd7 38. Rc1 Qb5 39. Qd1 a4 40. Qd4 Qa5 41. Rf3 Qd8
42. Qd2 b3 43. Rfc3 Qb6 44. a3 R5c7 45. Qe2 Qd4 46. Rd1 Qe5 47. Rdc1 Rc5 48. Qg4
f5 49. exf5 Qxf5 50. Qxf5 gxf5 51. Rd1 Re8 52. Kf1 Kf6 53. f4 Re4 54. g3 Rc7 55.
Kf2 Rce7 56. Rd2 h5 57. Kf3 Kf7 58. Rc1 Re3+ 59. Kf2 h4 60. Rxc4 Rxg3 61. Rxa4
Rxh3 62. Rad4 Ree3 63. a4 Reg3 64. a5 Rh2+ 65. Kf1 Rh1+ 66. Kf2 Ra1 67. R4d3 Rg4
68. Rxb3 Rxf4+ 69. Rf3 Rxf3+ 70. Kxf3 Rxa5 71. Rd4 Kf6 72. Rxh4 Rxd5 73. b4 Rd3+
74. Ke2 Rb3 75. Kd2 Ke5 76. Rc4 d5 77. Rh4 f4 78. Ke2 Ke4 79. Rh8 Rb2+ 80. Ke1
Rxb4 81. Re8+ Kf3 82. Rd8 Rd4 83. Rg8 Ke3 84. Re8+ Re4 85. Rh8 f3 86. Rh3 Ra4
87. Kd1 Ra1+ 88. Kc2 d4 89. Rh8 d3+ 90. Kc3 Rc1+ 91. Kb2 d2 92. Re8+ Kf2 0-1

[Event "21st European Teams Women"]
[Site "Hersonissos GRE"]
[Date "2017.10.29"]
[Round "2.12"]
[Board "4"]
[White "Vidic, Teja"]
[Black "Vanduyfhuys, Daria"]
[Result "1-0"]
[WhiteTitle "WFM"]
[BlackTitle "WCM"]
[WhiteElo "2159"]
[BlackElo "1737"]
[WhiteTeam "Slovenia"]
[BlackTeam "Belgium"]
[WhiteFideId "14605511"]
[BlackFideId "246336"]
[EventDate "2017.10.28"]

1. e4 c5 2. Nf3 Nc6 3. d4 cxd4 4. Nxd4 e5 5. Nb5 d6 6. N1c3 a6 7. Na3 Be7 8. Nc4
b5 9. Ne3 Nf6 10. g3 O-O 11. Bg2 Be6 12. O-O Rc8 13. Ncd5 Nd7 14. c3 Nc5 15. Kh1
g6 16. Bd2 f5 17. exf5 gxf5 18. b4 Na4 19. Qh5 Kh8 20. f4 Qd7 21. g4 fxg4 22.
Be4 Bd8 23. f5 Bf7 24. Qh6 Bxd5 25. Qxf8+ Bg8 26. f6 Qf7 27. Qh6 Rc7 28. Bd5 Qe8
29. f7 Bxf7 30. Bxf7 Rxf7 31. Rxf7 1-0

[Event "21st European Teams Women"]
[Site "Hersonissos GRE"]
[Date "2017.10.29"]
[Round "2.13"]
[Board "1"]
[White "Golubenko, Valentina"]
[Black "Cornette, Deimante"]
[Result "0-1"]
[WhiteTitle "WGM"]
[BlackTitle "IM"]
[WhiteElo "2291"]
[BlackElo "2404"]
[WhiteTeam "Croatia"]
[BlackTeam "Lithuania"]
[WhiteFideId "4501993"]
[BlackFideId "12802859"]
[EventDate "2017.10.28"]

1. d4 Nf6 2. c4 g6 3. g3 c5 4. d5 b5 5. cxb5 a6 6. bxa6 d6 7. Nc3 Nbd7 8. Nh3
Bg7 9. Bg2 Nb6 10. O-O O-O 11. Rb1 Nc4 12. b3 Qa5 13. bxc4 Qxc3 14. Qb3 Qa5 15.
Nf4 Bf5 16. Nd3 Rxa6 17. a3 h5 18. f3 Bd7 19. Nf2 Raa8 20. Qe3 Qa6 21. Qd3 Rfb8
22. Rxb8+ Rxb8 23. f4 Qa4 24. e4 Rb3 25. Qe2 Ng4 26. e5 dxe5 27. Kh1 exf4 28.
Ne4 Bd4 29. Rxf4 Bf5 30. d6 Rb1 31. Rf1 exd6 32. h3 Ne5 33. Nf6+ Kg7 34. Ne4
Qxc4 35. Qxc4 Nxc4 36. Bh6+ Kxh6 37. Rxb1 d5 38. Rc1 Bb2 39. Rc2 Bxa3 40. g4
hxg4 41. hxg4 Bxe4 42. Bxe4 dxe4 43. Rxc4 f5 44. gxf5 gxf5 45. Kg2 Kg5 46. Kf2
Bb2 47. Ke2 Bd4 48. Ra4 f4 49. Rc4 f3+ 50. Ke1 e3 51. Rc2 Kf4 52. Rc4 Ke4 53.
Rc1 Kd3 54. Rd1+ Kc2 0-1

[Event "21st European Teams Women"]
[Site "Hersonissos GRE"]
[Date "2017.10.29"]
[Round "2.13"]
[Board "2"]
[White "Zaksaite, Salomeja"]
[Black "Franciskovic, Borka"]
[Result "1-0"]
[WhiteTitle "WIM"]
[BlackTitle "WIM"]
[WhiteElo "2272"]
[BlackElo "2242"]
[WhiteTeam "Lithuania"]
[BlackTeam "Croatia"]
[WhiteFideId "12801496"]
[BlackFideId "14507943"]
[EventDate "2017.10.28"]

1. e4 c6 2. d4 d5 3. e5 c5 4. dxc5 Nc6 5. Nf3 Bg4 6. Bb5 Qa5+ 7. Nc3 e6 8. Be3
a6 9. Bxc6+ bxc6 10. a3 Bxf3 11. gxf3 Ne7 12. Bd4 Nf5 13. b4 Qc7 14. Ne2 g6 15.
Ng3 Nxd4 16. Qxd4 Bg7 17. f4 O-O 18. O-O f6 19. Rae1 fxe5 20. fxe5 Rf3 21. c4
Raf8 22. cxd5 exd5 23. Qg4 Qe7 24. Re2 R3f4 25. Qh3 h5 26. Re3 d4 27. Re4 h4 28.
Rxf4 Rxf4 29. Ne2 Re4 30. Nc1 Qxe5 31. Nd3 Qd5 32. Qf3 Qe6 33. h3 Bh6 34. Rd1
Kh7 35. Kg2 Qe7 36. a4 Qe6 37. Rb1 g5 38. b5 g4 39. hxg4 Rxg4+ 40. Kh2 axb5 41.
axb5 Rg6 42. Re1 Qc8 43. Re7+ Bg7 44. b6 Qb8+ 45. Qf4 Qa8 46. b7 Qa1 47. Re1 1-0

[Event "21st European Teams Women"]
[Site "Hersonissos GRE"]
[Date "2017.10.29"]
[Round "2.13"]
[Board "3"]
[White "Purgar, Ivona"]
[Black "Kiseleva, Simona"]
[Result "1-0"]
[WhiteTitle "WFM"]
[BlackTitle "WIM"]
[WhiteElo "2200"]
[BlackElo "2241"]
[WhiteTeam "Croatia"]
[BlackTeam "Lithuania"]
[WhiteFideId "14514451"]
[BlackFideId "12802506"]
[EventDate "2017.10.28"]

1. e4 c5 2. Nf3 Nc6 3. d4 cxd4 4. Nxd4 g6 5. Nc3 Bg7 6. Be3 Nf6 7. Be2 O-O 8.
O-O d5 9. exd5 Nb4 10. d6 Qxd6 11. Ncb5 Qb8 12. c4 a6 13. Nc3 e5 14. Nb3 Bf5 15.
Bb6 Nd7 16. Ba5 Nc2 17. Rc1 Nd4 18. Nd5 Kh8 19. Bc7 Qa7 20. c5 Rac8 21. Bd6 Rfe8
22. Nxd4 exd4 23. Ne7 Rcd8 24. Nxf5 gxf5 25. Bd3 Nf6 26. Bxf5 Qa8 27. Rc4 Ne4
28. Rxd4 Nxd6 29. Rxd6 h6 30. b3 Qb8 31. Qd2 Rxd6 32. cxd6 Rd8 33. Rd1 Qa7 34.
Qd5 b5 35. d7 Qb6 36. Qxf7 Qc6 37. Re1 Rf8 38. Qxf8+ Bxf8 39. d8=Q 1-0

[Event "21st European Teams Women"]
[Site "Hersonissos GRE"]
[Date "2017.10.29"]
[Round "2.13"]
[Board "4"]
[White "Gailiunaite, Saule"]
[Black "Cvitan, Ena"]
[Result "0-1"]
[BlackTitle "FM"]
[WhiteElo "1838"]
[BlackElo "2165"]
[WhiteTeam "Lithuania"]
[BlackTeam "Croatia"]
[WhiteFideId "12807737"]
[BlackFideId "14534215"]
[EventDate "2017.10.28"]

1. d4 Nf6 2. c4 e6 3. Nc3 Bb4 4. Qc2 d5 5. cxd5 exd5 6. Bg5 h6 7. Bh4 Be6 8. e3
O-O 9. Bd3 c5 10. dxc5 d4 11. exd4 Nc6 12. Ne2 Nxd4 13. Nxd4 Qxd4 14. Bxf6 Qxf6
15. O-O Bxc3 16. bxc3 Rac8 17. Be4 Rxc5 18. Bxb7 Rxc3 19. Qa4 Qe7 20. Rfb1 Bf5
21. Rb2 Qc7 22. Qd1 Rb8 23. Qe1 Rc4 0-1

[Event "21st European Teams Women"]
[Site "Hersonissos GRE"]
[Date "2017.10.29"]
[Round "2.14"]
[Board "1"]
[White "Makka, Ioulia"]
[Black "Sahl, Sheila Barth"]
[Result "0-1"]
[WhiteTitle "WIM"]
[BlackTitle "WIM"]
[WhiteElo "2182"]
[BlackElo "2180"]
[WhiteTeam "Greece 2"]
[BlackTeam "Norway"]
[WhiteFideId "4205316"]
[BlackFideId "1500953"]
[EventDate "2017.10.28"]

1. e4 c5 2. Nf3 g6 3. c4 Bg7 4. d4 cxd4 5. Nxd4 Nc6 6. Be3 Nf6 7. Nc3 Ng4 8.
Qxg4 Nxd4 9. Qd1 Ne6 10. Qd2 b6 11. Rc1 Bb7 12. f3 d6 13. Bd3 Rc8 14. b3 Nc5 15.
Bb1 h5 16. O-O O-O 17. Rfd1 a5 18. Nd5 Re8 19. Bg5 Ne6 20. Be3 Nc5 21. Qf2 Bxd5
22. Rxd5 e6 23. Rd2 e5 24. Rcd1 Bf8 25. Bc2 Be7 26. a3 Nd7 27. f4 f6 28. b4 Kg7
29. Bb3 Qc7 30. Qg3 Nf8 31. h4 axb4 32. axb4 Ra8 33. Rd5 Ra3 34. R1d3 Rxb3 35.
Rxb3 Qxc4 36. fxe5 dxe5 37. Qf3 Bxb4 38. Rdd3 b5 39. Kh2 Re7 40. Rd8 Ne6 41. Rb8
Bd6 42. R8xb5 Nd4 43. Bxd4 exd4+ 44. Kg1 Qc1+ 45. Kf2 Qc2+ 46. Qe2 Qxe2+ 47.
Kxe2 Rxe4+ 48. Kf3 Rxh4 49. Rd5 Be5 50. Rb7+ Kh6 51. Re7 Rf4+ 52. Ke2 Re4+ 53.
Kf1 Kg5 54. Rdd7 Kg4 55. Ra7 d3 56. Rad7 Rf4+ 57. Kg1 Bd4+ 58. Kh2 d2 59. Rg7
d1=Q 60. Rxg6+ Kf5 0-1

[Event "21st European Teams Women"]
[Site "Hersonissos GRE"]
[Date "2017.10.29"]
[Round "2.14"]
[Board "2"]
[White "Machlik, Edit"]
[Black "Makka, Evanthia"]
[Result "1-0"]
[WhiteElo "2030"]
[BlackElo "2095"]
[WhiteTeam "Norway"]
[BlackTeam "Greece 2"]
[WhiteFideId "1513591"]
[BlackFideId "4207513"]
[EventDate "2017.10.28"]

1. d4 d5 2. c4 e6 3. Nc3 Nf6 4. cxd5 exd5 5. Bg5 c6 6. e3 h6 7. Bh4 Bd6 8. Bd3
O-O 9. Qc2 Be6 10. Nf3 Nbd7 11. O-O a6 12. Rab1 Qc7 13. Bg3 Bxg3 14. hxg3 Bg4
15. Nd2 Rfe8 16. Na4 h5 17. Nc5 Nxc5 18. Qxc5 g6 19. b4 Kg7 20. a4 Rh8 21. Nf3
Bxf3 22. gxf3 h4 23. g4 Qd7 24. Be2 h3 25. Kh1 Qe6 26. Rg1 Rae8 27. Qb6 Re7 28.
b5 axb5 29. axb5 Ra8 30. bxc6 bxc6 31. Rbc1 Ne4 32. fxe4 Qxe4+ 33. Kh2 Ra2 34.
Rce1 f5 35. Qb3 Rd2 36. Qc3 Ra2 37. Qd3 Qxd3 38. Bxd3 Rxf2+ 39. Kxh3 f4 40. Rg2
Rf3+ 41. Kh4 c5 42. dxc5 d4 43. c6 fxe3 44. Rf1 Rxf1 45. Bxf1 Rc7 46. Rc2 Kf6
47. Rc5 Ke7 48. Kg5 Kd6 49. Rc4 Kd5 50. Bd3 Ke5 51. Kxg6 Kf4 52. g5 Kf3 53. Rc2 1-0

[Event "21st European Teams Women"]
[Site "Hersonissos GRE"]
[Date "2017.10.29"]
[Round "2.14"]
[Board "4"]
[White "Rodsmoen, Maud"]
[Black "Vozinaki, Anthi - Maria"]
[Result "0-1"]
[WhiteTitle "WFM"]
[WhiteElo "1972"]
[BlackElo "1989"]
[WhiteTeam "Norway"]
[BlackTeam "Greece 2"]
[WhiteFideId "1510550"]
[BlackFideId "4263898"]
[EventDate "2017.10.28"]

1. e4 c5 2. Nf3 e6 3. d4 cxd4 4. Nxd4 Nc6 5. Nc3 Qc7 6. Be3 a6 7. Qd2 Nf6 8. f3
Bb4 9. O-O-O Ne7 10. Kb1 d5 11. exd5 Nexd5 12. Nxd5 Nxd5 13. Qf2 O-O 14. Bd3
Nxe3 15. Qxe3 Qb6 16. Qe4 f5 17. Qh4 Bc3 18. Nb3 Bf6 19. Qh3 a5 20. a4 Qb4 21.
g4 Qxa4 22. gxf5 exf5 23. Bxf5 Bxf5 24. Qxf5 Kh8 25. Qd5 Qb4 26. Qc5 Qf4 27. Rd3
a4 28. Nd2 b6 29. Qc4 Qe5 30. Qb4 Rfc8 31. f4 Qf5 32. Qe4 Qb5 33. c3 a3 34. b4
a2+ 35. Ka1 Rxc3 36. Qxa8+ Rc8+ 37. Kxa2 Rxa8+ 38. Ra3 Qd5+ 39. Nb3 Rxa3+ 40.
Kxa3 Qxh1 0-1

[Event "21st European Teams Women"]
[Site "Hersonissos GRE"]
[Date "2017.10.29"]
[Round "2.15"]
[Board "1"]
[White "Milovic, Aleksandra"]
[Black "Stojkovska, Monika"]
[Result "0-1"]
[WhiteTitle "WIM"]
[BlackTitle "WFM"]
[WhiteElo "2191"]
[BlackElo "2088"]
[WhiteTeam "Montenegro"]
[BlackTeam "FYROM"]
[WhiteFideId "933988"]
[BlackFideId "15002594"]
[EventDate "2017.10.28"]

1. e4 e6 2. d4 d5 3. Nc3 Bb4 4. exd5 exd5 5. Bd3 Nc6 6. Ne2 Nge7 7. a3 Bxc3+ 8.
bxc3 Bf5 9. O-O O-O 10. Bf4 Qd7 11. f3 Na5 12. Rb1 b6 13. Kh1 Nc4 14. Bc1 Rfe8
15. g4 Bg6 16. Nf4 Qd6 17. Ra1 Nc6 18. Ng2 Re7 19. a4 N6a5 20. h4 h5 21. Bg5
Ree8 22. Bxg6 fxg6 23. Rb1 Nc6 24. Qd3 Rf8 25. f4 hxg4 26. Ne3 Nxe3 27. Qxe3
Rae8 28. Qg3 Qd7 29. Rbe1 Na5 30. Rxe8 Rxe8 31. Re1 Re4 32. Rg1 Nc4 33. h5 gxh5
34. Qh4 Re3 35. Rg3 Re1+ 36. Rg1 Re3 37. Qf2 Qf5 38. Rg3 Qe4+ 39. Rg2 g3 0-1

[Event "21st European Teams Women"]
[Site "Hersonissos GRE"]
[Date "2017.10.29"]
[Round "2.15"]
[Board "2"]
[White "Nikolovska, Dragana"]
[Black "Stojanovic, Marija R"]
[Result "0-1"]
[BlackTitle "WIM"]
[WhiteElo "1854"]
[BlackElo "2102"]
[WhiteTeam "FYROM"]
[BlackTeam "Montenegro"]
[WhiteFideId "15000133"]
[BlackFideId "931411"]
[EventDate "2017.10.28"]

1. e4 e6 2. d4 d5 3. Bd3 Nf6 4. e5 Nfd7 5. Nf3 c5 6. c3 Nc6 7. a3 c4 8. Bc2 Na5
9. Ng5 Be7 10. Qh5 Bxg5 11. Bxg5 Qb6 12. Ra2 Nb8 13. Nd2 Bd7 14. O-O Nbc6 15. f4
h6 16. Kh1 Rf8 17. Bh4 Ne7 18. Bxe7 Kxe7 19. Nf3 Kd8 20. Nh4 Kc7 21. Qg4 g6 22.
Nf3 Rae8 23. Qh4 Rh8 24. Qf6 Ref8 25. Nd2 Kb8 26. Qe7 Qd8 27. Qxd8+ Rxd8 28. a4
Rc8 29. Nb1 Rc6 30. Na3 Rb6 31. Bd1 Nb3 32. Bxb3 cxb3 33. Raa1 Bxa4 34. Nc4 dxc4
35. Rxa4 Rc6 36. Rfa1 a6 37. Kg1 Ka7 38. Ra5 Rd8 39. Kf2 Rd5 40. Rxd5 exd5 41.
Ke3 b5 42. Kd2 Kb6 43. g4 a5 44. f5 gxf5 45. gxf5 a4 46. Rg1 b4 47. e6 fxe6 48.
f6 Rc8 49. f7 Rf8 50. Rg8 Rxf7 51. Rb8+ Kc7 52. Rxb4 Rf2+ 53. Kc1 Rc2+ 54. Kb1
Rxh2 55. Kc1 Rc2+ 56. Kb1 Re2 57. Kc1 Re1+ 58. Kd2 Rb1 0-1

[Event "21st European Teams Women"]
[Site "Hersonissos GRE"]
[Date "2017.10.29"]
[Round "2.15"]
[Board "3"]
[White "Koljevic, Nikolina"]
[Black "Bejatovic, Bojana"]
[Result "1/2-1/2"]
[WhiteElo "1837"]
[BlackElo "2035"]
[WhiteTeam "Montenegro"]
[BlackTeam "FYROM"]
[WhiteFideId "16503945"]
[BlackFideId "15000141"]
[EventDate "2017.10.28"]

1. e4 e5 2. Nf3 Nf6 3. Nxe5 d6 4. Nf3 Nxe4 5. Nc3 Nf6 6. d4 Be7 7. Bd3 Bg4 8.
O-O O-O 9. h3 Bh5 10. Ne4 Nbd7 11. Re1 Re8 12. Ng3 Bg6 13. Bg5 Nd5 14. Bxe7 Rxe7
15. Bxg6 hxg6 16. Rxe7 Qxe7 17. Qd2 Qf6 18. c4 Nf4 19. Qe3 Ne6 20. Ne4 Qf4 21.
Re1 Re8 22. Nc3 Qxe3 23. Rxe3 Kf8 24. d5 Nf4 25. Rxe8+ Kxe8 26. Kf1 a6 27. g3
Nd3 28. b3 N7c5 29. Ke2 a5 30. Ke3 c6 31. Nd4 Kd7 32. Nf3 f6 33. Nh4 g5 34. Nf5
g6 35. Nd4 Nb2 36. Kd2 a4 37. f3 axb3 38. axb3 Nbd3 39. Ke3 f5 40. f4 gxf4+ 41.
gxf4 Nb4 42. Kf3 Ke7 43. h4 Kf6 44. Ke3 Nd7 45. Nde2 Nb6 46. dxc6 bxc6 47. Nd4
Nd7 48. Kf3 Nc5 49. Ke3 Ne6 50. Nce2 1/2-1/2